| 000 | 00767nam a2200217 i 4500 | ||
|---|---|---|---|
| 001 | 115380 | ||
| 003 | ES-MaACL | ||
| 005 | 20250825062551.0 | ||
| 007 | t| | ||
| 008 | 070307s1928 sp ||||1| spa d | ||
| 080 | _a821.134.2.23-"19" | ||
| 100 | 1 |
_aSuárez Ruiz, Antonio. _9108658 |
|
| 245 | 1 | 0 |
_aDale un beso a papá _b: comedia en tres actos y en prosa / _cAntonio Suárez. |
| 260 |
_aMadrid : _bPrensa Moderna, _c1928. |
||
| 300 |
_a63 p. ; _c17 cm. |
||
| 490 | 1 |
_aEl Teatro moderno ; _v125 |
|
| 500 | _aEstrenada en el Teatro Barcelona, de Barcelona, el 25 de mayo de 1927, y en el Infanta Isabel, de Madrid, el 4 de enero de 1928. | ||
| 830 | 0 | 3 |
_aEl teatro moderno (Prensa Moderna) _v125 _9182365 |
| 852 |
_aES-MaACL _jC-13031 |
||
| 999 |
_c115380 _d115380 |
||